Political Geography: British Crown Colonies - Statistics

General Stats
  • This quiz has been taken 87 times
  • The average score is 43 of 57
Answer Stats
British Crown Colony (Dates) Present-day Sovereign State % Correct
New Jersey (1702-1776) United States
99%
East Florida (1763-1783) United States
99%
Southern Nigeria (1906-1914) Nigeria
98%
Trinidad (1802-1889) Trinidad and Tobago
94%
Western Australia (1829-1901) Australia
90%
South Australia (1834-1901) Australia
90%
South Carolina (1729-1776) United States
90%
Tasmania (1856-1901) Australia
89%
Lower Canada (1791-1841) Canada
89%
Quebec (1763-1791) Canada
89%
Vancouver Island (1848-1866) Canada
89%
Hong Kong (1843-1982) China
89%
North Carolina (1729-1776) United States
89%
West Florida (1763-1783) United States
89%
Virginia (1624-1776) United States
89%
Massachusetts Bay (1691-1776) United States
89%
New York (1685-1776) United States
89%
New Hampshire (1692-1776) United States
89%
Upper Canada (1791-1841) Canada
88%
Newfoundland (1825-1907) Canada
88%
British Mauritius (1810-1968) Mauritius
88%
Nova Scotia (1710-1867) Canada
86%
Burma (1937-1948) Myanmar
86%
Queensland (1859-1901) Australia
85%
British Guiana (1831-1966) Guyana
85%
Tobago (1877-1889) Trinidad and Tobago
84%
Georgia (1755-1756) United States
84%
Victoria (1851-1901) Australia
83%
British Columbia (1866-1871) Canada
83%
Lagos (1862-1906) Nigeria
83%
Cape Colony (1806-1910) South Africa
83%
New South Wales (1788-1901) Australia
81%
Saint Christopher, Nevis and Anguilla (1882-1967) Saint Kitts and Nevis
81%
Southern Rhodesia (1923-1980) Zimbabwe
79%
Ceylon (1815-1948) Sri Lanka
78%
British Honduras (1884-1981) Belize
76%
North Borneo (1946-1963) Malaysia
76%
Gold Coast (1821-1957) Ghana
70%
Orange River Colony (1900-1910) South Africa
70%
Malacca (1946-1957) Malaysia
68%
Aden (1937-1967) Yemen
68%
New Ireland (1779-1783) United States
66%
United States
66%
Penang (1946-1957) Malaysia
64%
Transvaal Colony (1877-1910) South Africa
64%
Sarawak (1946-1963) Malaysia
59%
Gilbert and Ellice Islands (1916-1979) Kiribati
56%
Natal (1843-1910) South Africa
51%
Van Diemen’s Land (1825-1856) Australia
49%
Basutoland (1884-1966) Lesotho
49%
Seychelles
49%
Labuan (1846-1890) Malaysia
48%
British Bechuanaland (1885-1895) South Africa
46%
Straits Settlements (1867-1946) Malaysia
43%
Ashanti (1902-1957) Ghana
41%
Tuvalu
40%
Heligoland (1814-1890) Germany
33%
No matching quizzes found
Score Distribution
Percent of People with Each Score
Percentile by Number Answered
Your Score History
You have not taken this quiz